000 00356nam a22001337a 4500
020 _a9780064442206
040 _cNust
082 _a823-CH
_bCOE
100 _aEleanor Coerr
_9130789
245 _aBuffalo Bill and the Pony Express
260 _aNew York:
_bHarper Collins,
_c1995.
650 _aBuffalo Bill and the Pony Express
_9130790
942 _2ddc
_cBK
999 _c614969
_d614969